Zlomeniny distálního konce humeru

Bibliographic Details
Main Author: Bartoníček, Jan (Author)
Format: Article
Language:Czech
PhysicalDescription:Obr. 26, lit. 35 zázn. v angl., češ., nem.
ISSN:0001-5415
Subjects:

MARC

LEADER 00000nab a2200000 a 4500
001 vtls000547957
003 SK-MaSNL
005 20260304220033.0
008 220422c1995 xo 0 cze
015 |a SNBRB19rr/mm-uuuuu 
035 |a CL0548095 
040 |a SNKBUCL  |b slo  |c SNKBUCL  |e AACR2 
041 0 |a cze 
044 |a xo  |c SK 
080 |a 616.717.4-001.5  |2 1981 
100 1 |a Bartoníček, Jan  |4 aut  |9 515761 
245 1 0 |a Zlomeniny distálního konce humeru  |c Jan Bartoníček 
300 |b Obr. 26, lit. 35 zázn. v angl., češ., nem. 
650 0 7 |a ramenná kosť  |2 snkbucl  |9 257162 
650 0 7 |a zlomeniny kosti ramennej  |2 snkbucl  |9 1551304 
655 7 |a články z novín a časopisov  |2 snkbucl  |9 267496 
773 0 |t Acta chirurgiae orthopaedicae et traumatologiae čechoslovaca  |g Roč. 62, č. 1 (1995), s. 20-35  |x 0001-5415 
850 |a Slovenská národná knižnica v Martine  |a MTA001 
852 |a SNK  |b KIS3GCP 
958 |a NB 
958 |a RK 
958 |a ME 
992 |a RBX 
999 |c 3149549  |d 3151479